00434nam a2200193Ia 4500003000900000008004100009040001300050040001300063041000800076100002200084245004800106250000900154260002100163260000900184300001100193300001000204490002000214490000600234IT-RoPAU120407s9999 xx 000 0 und d aIT-RoPAU cIT-RoPAU aita aLouisa May Alcott aPiccoli uomini. Vers. di Angiola M. Agosti aRoma aEdizioni Paoline c1966 a292 p. c24 cm aLa 500 ep, 33 v1